|
|
|
|
| LEADER |
00000nab a2200000 a 4500 |
| 001 |
vtls000726168 |
| 003 |
SK-MaSNL |
| 005 |
20260304111408.0 |
| 008 |
250429c2000 xo 0 slo |
| 015 |
|
|
|a SNBRB2000/06-17461
|
| 035 |
|
|
|a CLN000078327
|
| 035 |
|
|
|a urn:nbn:sk:snk-abbthf
|
| 035 |
|
|
|a (urnnbn)urn:nbn:sk:snk:ar-000vyb
|
| 035 |
|
|
|a (uuid)454df57b-6a74-4d37-a4b3-8b8592d9863c
|
| 040 |
|
|
|a SNKBUCL
|b slo
|c SNKBUCL
|e AACR2
|
| 041 |
0 |
|
|a slo
|
| 044 |
|
|
|a xo
|c SK
|
| 080 |
|
|
|a 658.114.012.45:681.5
|2 1997
|
| 080 |
|
|
|a 681.3
|2 1997
|
| 080 |
|
|
|a 658.114.012.45
|2 1997
|
| 080 |
|
|
|a 681.518
|2 1997
|
| 100 |
1 |
|
|a Rovňaník, Oliver
|4 aut
|9 1411581
|
| 245 |
1 |
0 |
|a Čo prinesie vertikálna integrácia vo výrobných podnikoch - teória a prax
|c Oliver Rovňaník
|
| 650 |
0 |
7 |
|a systémy informačné podnikové
|x integrácia vertikálna
|2 snkbucl
|9 1411582
|
| 650 |
0 |
7 |
|a priemyselné podniky
|2 snkbucl
|9 2346
|
| 650 |
0 |
7 |
|a systémy informačné výrobné
|2 snkbucl
|9 972364
|
| 655 |
|
7 |
|a články z novín a časopisov
|2 snkbucl
|9 267496
|
| 773 |
0 |
|
|t AT&P journal
|g Roč. 7, č. 3 (2000), s. 30-31
|x 1335-2237
|
| 850 |
|
|
|a Slovenská národná knižnica
|
| 852 |
|
|
|a Slovenská národná knižnica
|
| 954 |
|
|
|a odborná, vedecká literatúra pôvodná (slovenská)
|2 lita
|
| 958 |
|
|
|a article15
|
| 958 |
|
|
|a OND
|
| 958 |
|
|
|a EUIPO
|
| 992 |
|
|
|a RBX
|
| 999 |
|
|
|c 2862349
|d 2864279
|